Plats avec des Noix - Mort Subite - Statistiques

Statistiques générales
  • Ce quiz a été pris 110 fois
  • Le résultat moyen est 5 sur 16
Answers on the Grid
Answers color-coded by a green-red scale on the quiz's grid according to % correct below.
Pralines
Tarte aux pacanes
Biscuits aux noix de macadame
Crème glacée à la pistache
Baklava
Knafeh / Kunafeh
Rigatoni au pesto
Dacquoise
Mont Blanc
Kare-kare
Marrons glacés
Satay
Mafé
Ndolé
Torta paesana
Salade Waldorf
Mousse au chocolat
Sorbet à la fraise
Oreilles d'âne
Oreilles de crisse
Teurgoule
Pizzelle / Ferratelle
Bucatini all'amatriciana
Penne all'arrabbiata
Jambon-beurre
Tinola
Saint-honoré
Merveilleux
 
Statistiques - réponses
Réponse % Correct
Biscuits aux noix de macadame
75%
Crème glacée à la pistache
51%
Pralines
51%
Tarte aux pacanes
50%
Baklava
40%
Mafé
35%
Marrons glacés
32%
Dacquoise
26%
Knafeh / Kunafeh
25%
Rigatoni au pesto
25%
Satay
19%
Mont Blanc
16%
Salade Waldorf
16%
Ndolé
10%
Torta paesana
7%
Kare-kare
6%
Aucun quiz correspondant
Distribution des résultats
% des personnes avec chaque résultat
Percentile par nombre de réponses
Votre historique - résultats
Vous n’avez pas pris ce quiz